| 000 | 01125cam a2200229 4500 | ||
|---|---|---|---|
| 001 | ABS66096 | ||
| 008 | 021024n2002 000 0 eng u | ||
| 035 | _a(Sirsi) u120239 | ||
| 100 | _aWilliamson, C. | ||
| 245 | _aAre surveyors on the endangered list? | ||
| 260 | _c2002 | ||
| 490 |
_aEstates Gazette _v(0238) 21 September 2002, 188-189(2) |
||
| 520 | _aWarns that the profession needs to attract students away from what are perceived as trendier and more well-paid jobs, or surveying will suffer long-term decline. Also questions why the industry is not recruiting more women. Argues that the importance of the built environment to everyone needs to be publicised more, and that in order to change the situation for the better, professional bodies have a key role in helping by working with student and universities and communicating with potential students. Graphs. | ||
| 590 | _aABS | ||
| 650 | _aBUILT ENVIRONMENT | ||
| 650 | _aPROFESSIONAL BODIES | ||
| 650 | _aUNIVERSITIES | ||
| 650 | _aPUBLICITY | ||
| 650 | _aMARKETING | ||
| 690 | _aMANAGEMENT-BUSINESS MANAGEMENT-PROFESSIONAL PRACTICE | ||
| 942 | _n0 | ||
| 999 |
_c71430 _d71430 |
||